Tokyo Metro Chiyoda Line Stations - Statistics

General Stats
  • This quiz has been taken 186 times
  • The average score is 13 of 20
Answer Stats
Station Number Station % Correct
C18 Kita-senju
82%
C01 Yoyogi-uehara
82%
C04 Omote-sando
81%
C11 Otemachi
81%
C02 Yoyogi-koen
76%
C09 Hibiya
74%
C06 Akasaka
73%
C19 Ayase
73%
C03 Meiji-jingumae
73%
C20 Kita-ayase
69%
C16 Nishi-nippori
66%
C05 Nogizaka
65%
C10 Nijubashimae
58%
C12 Shin-ochanomizu
56%
C07 Kokkai-gijidomae
55%
C08 Kasumigaseki
53%
C14 Nezu
53%
C17 Machiya
50%
C15 Sendagi
50%
C13 Yushima
45%
No matching quizzes found
Score Distribution
Percent of People with Each Score
Percentile by Number Answered
Your Score History
You have not taken this quiz